| 000 | 01946nam0a2200361 4500 | ||
|---|---|---|---|
| 001 | RU\NLR\BIBL_A\011698846 | ||
| 005 | 20180601110610.0 | ||
| 010 |
_a978-5-98597-357-0 _92000 |
||
| 021 |
_aRU _bКН-П-18-026138 _9КН-П-18-1908 |
||
| 035 | _a(NLR Aleph) 011698846 | ||
| 035 | _a(RuMoRGB)009599520 | ||
| 090 |
_a11378042 _c11378042 |
||
| 100 | _a20180514d2018 k y0rusy50 ca | ||
| 101 | 0 | _arus | |
| 102 | _aRU | ||
| 105 | _aa|||z|||000zy | ||
| 200 | 1 |
_aПаллиативная помощь детям - комплексный подход _eорганизационная модель мобильной службы паллиативной помощи детям _eметодическое пособие _fБлаготворительный фонд развития паллиативной помощи "Детский паллиатив" |
|
| 205 | _aИзд. 2-е, испр. | ||
| 210 |
_aМосква _cБлаготворительный фонд развития паллиативной помощи "Детский паллиатив" _cПроспект _d2018 |
||
| 215 |
_a127 с. _cил., табл. _d21 |
||
| 320 | _aБиблиогр.: с. 127 (15 назв.) | ||
| 606 | 1 |
_aДети _jМетодические пособия _xПаллиативная помощь _92212335 _3RU\NLR\AUTH\6601562715 |
|
| 606 | 1 |
_aПаллиативная помощь _jМетодические пособия _xСоциальный аспект _92602921 _3RU\NLR\AUTH\661539479 |
|
| 686 |
_aР11(2)442.91,07 _2rubbk |
||
| 686 | 1 | _aР11(2)442.98я8 | |
| 686 | 1 | _aС550.54я8 | |
| 712 | 0 | 2 |
_4570 _a"Детский паллиатив", благотворительный фонд развития паллиативной помощи _cМосква _9392275 _3RU\NLR\AUTH\880362610 |
| 942 | _cBOOK | ||
| 980 | _aNBR | ||
| 980 | _aNB | ||